[Event "Moscow op-B"]
[Site "Moscow"]
[Date "2009.02.06"]
[Round "7"]
[White "Belskiy, Artem"]
[Black "Nepomnin, Vladilen"]
[Result "0-1"]
[WhiteElo "1400"]
[BlackElo "1888"]
[PlyCount "54"]
[EventDate "2009.01.31"]
[EventType "swiss"]
[EventRounds "9"]
[EventCountry "RUS"]
[SourceTitle "EXT 2012"]
[Source "ChessBase"]
[SourceDate "2011.11.24"]
[SourceVersion "1"]
[SourceVersionDate "2011.11.24"]
[SourceQuality "1"]

1. d4 d5 2. c4 e6 3. Nc3 Nf6 4. cxd5 exd5 5. Bg5 Nbd7 6. e3 c6 7. Qc2 Be7 8. Bd3 0-0 9. Nf3 Re8 10. 0-0 h6 11. Bh4 Ne4 12. Bxe7 Qxe7 13. Bxe4 dxe4 14. Nd2 Nf6 15. Rae1 b6 16. Qa4 a5 17. f3 Ba6 18. Rf2 exf3 19. Nxf3 c5 20. Ne5 cxd4 21. exd4 Qc7 22. Nb5 Bxb5 23. Qxb5 Re6 24. Rfe2 Rae8 25. Rf1 Qd6 26. Qd3 Rxe5 27. Rxe5 Rxe5 0-1

[Event "Moscow op-B"]
[Site "Moscow"]
[Date "2009.02.01"]
[Round "2"]
[White "Nepomnin, Vladilen"]
[Black "Menshikov, Alexander"]
[Result "0-1"]
[WhiteElo "1888"]
[BlackElo "2174"]
[PlyCount "70"]
[EventDate "2009.01.31"]
[EventType "swiss"]
[EventRounds "9"]
[EventCountry "RUS"]
[SourceTitle "EXT 2012"]
[Source "ChessBase"]
[SourceDate "2011.11.24"]
[SourceVersion "1"]
[SourceVersionDate "2011.11.24"]
[SourceQuality "1"]

1. e4 c5 2. Nf3 Nc6 3. d4 cxd4 4. Nxd4 e5 5. Nb5 d6 6. N1c3 a6 7. Na3 b5 8. Nd5 Nge7 9. c3 Nxd5 10. exd5 Ne7 11. Be2 Ng6 12. 0-0 Be7 13. Be3 Bg5 14. Qd2 Bxe3 15. Qxe3 0-0 16. g3 Bh3 17. Rfe1 f5 18. Qf3 Bg4 19. Qg2 Bxe2 20. Rxe2 f4 21. f3 fxg3 22. hxg3 Rf6 23. Nc2 Nh4 24. Qh3 Nxf3+ 25. Kg2 Qe7 26. Ne3 Raf8 27. Rh1 Ng5 28. Qg4 h6 29. Rf1 Rxf1 30. Nxf1 Qf6 31. Nh2 e4 32. Qd7 Qe5 33. Qb7 e3 34. a3 Qe4+ 35. Kg1 Nh3# 0-1